000 01443nas a2200277 a 4500
001 000037320
003 DO-SdBNP
005 20240917110054.0
008 120327c20109999dr mr1p d 0 0spa d
040 _aDO-SdBNP
_bspa
_cBNPHU
043 _anwdr
130 0 _aii educativa (Santo Domingo, República Dominicana)
_963778
245 0 0 _aii educativa :
_bboletín educativo e informativo del Departamento de Educación Tributaria de la Dirección General de Impuestos Internos /
_cDirección General de Impuestos Internos. Departamento de Educación Tributaria.
246 1 0 _aEducativa :
_bboletín educativo e informativo
260 _aSanto Domingo :
_bDepartamento de Educación Tributaria de Impuestos Internos.
300 _av.- :
_bil. ;
_c43 cm.
310 _aMensual
362 1 _aInicia con: (enero, 2010)
500 _aDescripción basada en : (enero, 2010)
610 2 4 _aDIRECCIÓN GENERAL DE IMPUESTOS INTERNOS
_zREPÚBLICA DOMINICANA
_vPUBLICACIONES PERIÓDICAS
_963779
650 2 4 _aEducación tributaria
_zRepública Dominicana
_vPUBLICACIONES PERIÓDICAS
_963780
650 2 4 _aTributación
_zRepública Dominicana
_vPUBLICACIONES PERIÓDICAS
_963781
710 1 _aDirección General de Impuestos Internos.
_bDepartamento de Educación Tributaria.
_963782
856 4 1 _uhttp://issuu.com/dgii/docs/periodico?mode=embed&layout=http%3A%2F%2Fskin.issuu.com%2Fv%2Flight%2Flayout.xml&showFlipBtn=true
_zBoletín
942 _2ddc
_cISSUE
999 _c36810
_d36810